000 00557nam a2200217Ia 4500
003 OSt
005 20221005131752.0
006 a|||||r|||| 00| 0
007 ta
008 221004b |||||||| |||| 00| 0 tam d
024 _a8954
037 _cTextual
040 _aCRL
_cCRL
_btam
041 _2tam
_atam
082 _aDelta2:864, 31J4
100 _aNarayana Swami
_9640057
245 0 _aSukar perunadi in Disaputthi palan
260 _c1954
942 _hDelta2:864, 31J4
_cTEXL
_2cc
999 _c1061348
_d1061348